The limits of scripture: Vivekananda's reinterpretation of the Vedas
| Main Author: | |
|---|---|
| Contributors: | |
| Format: | Print Book |
| Language: | English |
| Subito Delivery Service: | Order now. |
| Check availability: | HBZ Gateway |
| WorldCat: | WorldCat |
| Interlibrary Loan: | Interlibrary Loan for the Fachinformationsdienste (Specialized Information Services in Germany) |
| Published: |
Honolulu, Hawaii
Univ. of Hawaii Press
1994
|
| In: | Year: 1994 |
| Standardized Subjects / Keyword chains: | B
Vivekānanda, Svāmī 1863-1902
/ Veda
B Vivekānanda, Svāmī 1863-1902 / Veda / Interpretation of |
| Further subjects: | B
Vedas
Criticism, interpretation, etc
B Vivekananda Swami (1863-1902) B Advaita |
MARC
| LEADER | 00000cam a2200000 c 4500 | ||
|---|---|---|---|
| 001 | 278050115 | ||
| 003 | DE-627 | ||
| 005 | 20251222213529.0 | ||
| 007 | tu | ||
| 008 | 950310s1994 xxu||||| 00| ||eng c | ||
| 010 | |a 93044277 | ||
| 020 | |a 0824815424 |9 0-8248-1542-4 | ||
| 024 | 8 | |a 93-44277 |q Identnummer | |
| 035 | |a (DE-627)278050115 | ||
| 035 | |a (DE-576)044193793 | ||
| 035 | |a (DE-599)GBV278050115 | ||
| 035 | |a (OCoLC)246514124 | ||
| 035 | |a (OCoLC)29518599 | ||
| 035 | |a (OCoLC)29518599 | ||
| 040 | |a DE-627 |b ger |c DE-627 |e rakwb | ||
| 041 | |a eng | ||
| 044 | |c XD-US | ||
| 050 | 0 | |a BL1280.292.V58 | |
| 082 | 0 | |a 294.5/921 | |
| 084 | |a 0 |2 ssgn | ||
| 084 | |a 18.67 |2 bkl | ||
| 084 | |a 11.91 |2 bkl | ||
| 084 | |a 11.92 |2 bkl | ||
| 100 | 1 | |0 (DE-588)140949607 |0 (DE-627)703838806 |0 (DE-576)168538075 |4 aut |a Rambachan, Anantanand |d 1951- | |
| 109 | |a Rambachan, Anantanand 1951- | ||
| 245 | 1 | 4 | |a The limits of scripture |b Vivekananda's reinterpretation of the Vedas |c Anantanand Rambachan |
| 264 | 1 | |a Honolulu, Hawaii |b Univ. of Hawaii Press |c 1994 | |
| 300 | |a XI, 170 S. | ||
| 336 | |a Text |b txt |2 rdacontent | ||
| 337 | |a ohne Hilfsmittel zu benutzen |b n |2 rdamedia | ||
| 338 | |a Band |b nc |2 rdacarrier | ||
| 500 | |a Includes bibliographical references (p. 161-167) and index | ||
| 583 | 1 | |a Archivierung prüfen |c 20200919 |f DE-640 |z 1 |2 pdager | |
| 583 | 1 | |a Archivierung/Langzeitarchivierung gewährleistet |f SSG |x XA-DE-BW |2 pdager |5 DE-21 | |
| 583 | 1 | |a Archivierung prüfen |c 20240324 |f DE-4165 |z 1 |2 pdager | |
| 600 | 1 | 0 | |a Vivekananda |c Swami |d 1863-1902 |
| 630 | 2 | 0 | |a Vedas |x Criticism, interpretation, etc |
| 650 | 0 | |a Advaita | |
| 689 | 0 | 0 | |d p |0 (DE-588)118805533 |0 (DE-627)079580092 |0 (DE-576)209509740 |2 gnd |a Vivekānanda |c Svāmī |d 1863-1902 |
| 689 | 0 | 1 | |d u |0 (DE-588)4062426-2 |0 (DE-627)106131958 |0 (DE-576)209144181 |a Veda |2 gnd |
| 689 | 0 | |5 DE-101 | |
| 689 | 1 | 0 | |d p |0 (DE-588)118805533 |0 (DE-627)079580092 |0 (DE-576)209509740 |2 gnd |a Vivekānanda |c Svāmī |d 1863-1902 |
| 689 | 1 | 1 | |d u |0 (DE-588)4062426-2 |0 (DE-627)106131958 |0 (DE-576)209144181 |a Veda |2 gnd |
| 689 | 1 | 2 | |d s |0 (DE-588)4072905-9 |0 (DE-627)10609386X |0 (DE-576)209188618 |2 gnd |a Interpretation |
| 689 | 1 | |5 (DE-627) | |
| 700 | 0 | |0 (DE-588)118805533 |0 (DE-627)079580092 |0 (DE-576)209509740 |4 oth |a Vivekānanda |c Svāmī |d 1863-1902 | |
| 889 | |w (DE-627)132970724 | ||
| 935 | |a mteo | ||
| 935 | |i mdedup | ||
| 935 | |i Blocktest | ||
| 936 | b | k | |a 18.67 |j Sanskrit: Sprache und Literatur |0 (DE-627)106423142 |
| 936 | b | k | |a 11.91 |j Vedismus |j Brahmanismus |0 (DE-627)106403796 |
| 936 | b | k | |a 11.92 |j Hinduismus |0 (DE-627)106403966 |
| 951 | |a BO | ||
| ELC | |b 1 | ||
| ITA | |a 1 |t 1 | ||
| LOK | |0 000 xxxxxcx a22 zn 4500 | ||
| LOK | |0 001 3296653503 | ||
| LOK | |0 003 DE-627 | ||
| LOK | |0 004 278050115 | ||
| LOK | |0 005 20011009000000 | ||
| LOK | |0 008 950310||||||||||||||||ger||||||| | ||
| LOK | |0 040 |a DE-21 |c DE-627 |d DE-21 | ||
| LOK | |0 852 |a DE-21 | ||
| LOK | |0 852 1 |c 35 A 5769 |9 00 | ||
| LOK | |0 866 |x km-sba | ||
| LOK | |0 935 |a rswk |a sued | ||
| LOK | |0 936ln |a s11.2 | ||
| LOK | |0 939 |a 10-03-95 |b l01 | ||
| ORI | |a SA-MARC-ixtheoa001.raw | ||
| REL | |a 1 | ||
| STA | 0 | 0 | |a Advaita,Interpretation of,Interpretation |
| STB | 0 | 0 | |a Advaita Vedānta,Interprétation |
| STC | 0 | 0 | |a Advaita,Interpretación |
| STD | 0 | 0 | |a Advaita,Avdaita Vedanta,Avdaita Vedanta,Interpretazione |
| STE | 0 | 0 | |a 不二论,吠檀多不二论,阐明,解释 |
| STF | 0 | 0 | |a 不二論,吠檀多不二論,闡明,解釋 |
| STG | 0 | 0 | |a Advaita,Interpretação |
| STH | 0 | 0 | |a Адвайта,Интерпретация |
| STI | 0 | 0 | |a Αντβάιτα,Advaita,Ερμηνεία |
| SUB | |a REL | ||
| SYE | 0 | 0 | |a Adwaita,Advaita-Vedanta |
| SYG | 0 | 0 | |a Vivekānanda,Swami,1863-1902,Vivekânanda,Swâmi,1863-1902,Vivekananda, Svāmī,1863-1902,Vivekananda, Swami,1863-1902,Vivekananda,1863-1902,Vivēkānantar,1863-1902,Bianxi,1863-1902,Bibekānanda,Svāmī,1863-1902,Bibekānanda,1863-1902,Narendra Nath Dutt,1863-1902,Narendranātha Datta,1863-1902,Pien-hsi,1863-1902,Wiwekananda,1863-1902,Swami Vivekananda,1863-1902,Vivēkananta,1863-1902,Vivekananda,Swami,1863-1902,Vivekananda,Suomi,1863-1902,Daata, Narendranātha,1863-1902,Datta, Narendranāth,1863-1902,Datta, Narendranatha,1863-1902,Dutt, Narendranath,1863-1902 , Weda,Veden,Vedas , Vivekānanda,Swami,1863-1902,Vivekânanda,Swâmi,1863-1902,Vivekananda, Svāmī,1863-1902,Vivekananda, Swami,1863-1902,Vivekananda,1863-1902,Vivēkānantar,1863-1902,Bianxi,1863-1902,Bibekānanda,Svāmī,1863-1902,Bibekānanda,1863-1902,Narendra Nath Dutt,1863-1902,Narendranātha Datta,1863-1902,Pien-hsi,1863-1902,Wiwekananda,1863-1902,Swami Vivekananda,1863-1902,Vivēkananta,1863-1902,Vivekananda,Swami,1863-1902,Vivekananda,Suomi,1863-1902,Daata, Narendranātha,1863-1902,Datta, Narendranāth,1863-1902,Datta, Narendranatha,1863-1902,Dutt, Narendranath,1863-1902 , Weda,Veden,Vedas |



